| 000 | 00472nam a2200157Ia 4500 | ||
|---|---|---|---|
| 008 | 210716s2008 xx 000 0 und d | ||
| 020 | _a9788132103158 | ||
| 041 | _aeng | ||
| 082 | _a658.8342 EASR | ||
| 100 | _aEast, Robert; Wright, Malcolm; Vanhuele, Marc. | ||
| 245 |
_aConsumer behaviour: applications in marketing. _bApplications in marketing. |
||
| 250 | _a1 | ||
| 260 |
_aNew Delhi _bSage Publications _c2008 |
||
| 300 | _aviii,334 | ||
| 650 | _aConsumer Behavior | ||
| 999 |
_c205921 _d205921 |
||